000 00614nam a22002417a 4500
003 UA-OsUOA
001 70140
007 ta
008 20100830b un ||||| |||| 00| 0 ukr d
100 _aГреч Н. И.
090 _a821.161.1
_bГ81
942 _cBK
040 _aUA-OsUOA
_brus
_cUA-OsUOA
_dUA-OsUOA
245 _aЗаписки о моей жизни
300 _a392 с.
955 _a3
041 _arus
080 _a821.161.1
020 _a5-212-00282-6
260 _aМ.
_bКнига
_c1990
650 7 _a82 Література. Літературознавство
_2UDC
999 _c356366
_d356366